[Event "POL-chT 2nd League"]
[Site "Wysowa"]
[Date "2005.08.31"]
[Round "5.26"]
[White "Slabek, Grzegorz"]
[Black "Szczechowicz, Bartosz"]
[Result "0-1"]
[WhiteElo "2219"]
[BlackElo "2264"]
[PlyCount "74"]
[EventDate "2005.08.27"]
[EventType "team-swiss"]
[EventRounds "9"]
[EventCountry "POL"]
[SourceTitle "EXT 2019"]
[Source "ChessBase"]
[SourceDate "2018.10.10"]
[SourceVersion "1"]
[SourceVersionDate "2018.10.10"]
[SourceQuality "1"]
[WhiteTeam "Krakow KKSz 1893"]
[BlackTeam "Krakow TKKF Drogowiec"]
[WhiteTeamCountry "POL"]
[BlackTeamCountry "POL"]

1. d4 Nf6 2. Nf3 e6 3. g3 b5 4. Bg2 Bb7 5. 0-0 c5 6. e3 Be7 7. dxc5 Bxc5 8. b3 0-0 9. Bb2 d5 10. Nd4 a6 11. Qe2 Qc7 12. Nd2 Nbd7 13. Rfc1 Rfc8 14. a3 Bf8 15. h3 e5 16. N4f3 e4 17. Nd4 Ne5 18. g4 h6 19. Rf1 Nh7 20. f4 exf3 21. N2xf3 Nxf3+ 22. Rxf3 Ng5 23. Rf4 Bd6 24. Rf5 g6 25. Rf6 Bh2+ 26. Kh1 Be5 27. Rf2 Ne4 28. Bxe4 dxe4 29. Raf1 Rf8 30. c4 bxc4 31. bxc4 Qe7 32. Kg2 Rac8 33. a4 a5 34. Bc3 Ba6 35. Qd2 Bxc4 36. Nf5 Bxf1+ 37. Rxf1 gxf5 0-1

[Event "POL-chT 2nd League"]
[Site "Wysowa"]
[Date "2005.08.28"]
[Round "2.38"]
[White "Szczechowicz, Bartosz"]
[Black "Siekaniec, Jan"]
[Result "0-1"]
[WhiteElo "2264"]
[BlackElo "2206"]
[PlyCount "104"]
[EventDate "2005.08.27"]
[EventType "team-swiss"]
[EventRounds "9"]
[EventCountry "POL"]
[SourceTitle "EXT 2019"]
[Source "ChessBase"]
[SourceDate "2018.10.10"]
[SourceVersion "1"]
[SourceVersionDate "2018.10.10"]
[SourceQuality "1"]
[WhiteTeam "Krakow TKKF Drogowiec"]
[BlackTeam "Prudnik LKS Zarzewie"]
[WhiteTeamCountry "POL"]
[BlackTeamCountry "POL"]

1. d4 Nf6 2. c4 g6 3. Nc3 Bg7 4. e4 d6 5. Be2 0-0 6. Bg5 Nbd7 7. h4 c6 8. h5 h6 9. Be3 g5 10. f3 e5 11. d5 Ne8 12. g4 Bf6 13. Nh3 Be7 14. Nf2 Qc7 15. 0-0 Qb8 16. b4 c5 17. a3 a6 18. Qd2 b6 19. Rfb1 Qc7 20. Rb2 Kh8 21. Rab1 Rg8 22. Kg2 Bd8 23. Na4 Qa7 24. Rb3 Ndf6 25. bxc5 bxc5 26. Nb6 Bxb6 27. Rxb6 Nd7 28. R6b2 Qc7 29. Bd1 Nef6 30. Qc3 Kg7 31. Nh1 Rh8 32. Ng3 Ne8 33. Bd2 Kf6 34. Qe3 Ng7 35. Qe1 Ke7 36. Ba5 Qa7 37. Ba4 Rb8 38. Bc6 Rxb2+ 39. Rxb2 Rg8 40. Qb1 Rh8 41. Ne2 Rg8 42. Nc3 Ne8 43. Na4 Nef6 44. Nb6 Rh8 45. Nxc8+ Rxc8 46. Rb7 Rb8 47. Rxa7 Rxb1 48. Rxa6 Rb2+ 49. Kg3 Rb3 50. Bc7 Nxe4+ 51. Kg2 Rb2+ 52. Kg1 Nd2 0-1

[Event "POL-chT 2nd League"]
[Site "Polanica Zdroj"]
[Date "2004.09.09"]
[Round "7"]
[White "Szyszko Bohusz, Andrzej"]
[Black "Szczechowicz, Bartosz"]
[Result "0-1"]
[WhiteElo "2080"]
[BlackElo "2276"]
[PlyCount "60"]
[EventDate "2004.09.04"]
[EventType "team-swiss"]
[EventRounds "11"]
[EventCountry "POL"]
[SourceTitle "CBM 102 Extra"]
[Source "ChessBase"]
[SourceDate "2004.11.03"]
[SourceVersion "1"]
[SourceVersionDate "2004.11.03"]
[SourceQuality "1"]
[WhiteTeam "Krakow KKSz"]
[BlackTeam "Krakow TKKF Drogowiec"]
[WhiteTeamCountry "POL"]
[BlackTeamCountry "POL"]

1. d4 Nf6 2. c4 e6 3. a3 d5 4. e3 Nbd7 5. Nc3 Be7 6. f4 c5 7. cxd5 exd5 8. Nf3 cxd4 9. exd4 Ne4 10. Qa4 0-0 11. Be2 Nb6 12. Qd1 Bg4 13. 0-0 Rc8 14. Na4 Nc4 15. b3 Ncd6 16. Ne5 Bxe2 17. Qxe2 b5 18. Nc5 Nxc5 19. dxc5 Rxc5 20. Be3 Rc7 21. Rfd1 Ne4 22. Bd4 Bc5 23. Qe3 Qc8 24. b4 Bxd4 25. Qxd4 Qf5 26. Rf1 Nf6 27. a4 bxa4 28. Rxa4 Qe4 29. Qxe4 Nxe4 30. Rfa1 Rfc8 0-1

[Event "POL-chT 2nd League"]
[Site "Wysowa"]
[Date "2003.09.14"]
[Round "11"]
[White "Gryniakow, Jaroslaw"]
[Black "Szczechowicz, Bartosz"]
[Result "0-1"]
[WhiteElo "2251"]
[BlackElo "2332"]
[PlyCount "68"]
[EventDate "2003.09.06"]
[EventType "team-swiss"]
[EventRounds "11"]
[EventCountry "POL"]
[SourceTitle "CBM 096 Extra"]
[Source "ChessBase"]
[SourceDate "2003.10.22"]
[SourceVersion "2"]
[SourceVersionDate "2003.10.20"]
[SourceQuality "1"]
[WhiteTeam "Torun Torfarm 64"]
[BlackTeam "Krakow TKKF Drogowiec"]
[WhiteTeamCountry "POL"]
[BlackTeamCountry "POL"]

1. d4 Nf6 2. c4 e6 3. Nf3 Bb4+ 4. Nbd2 d5 5. a3 Bxd2+ 6. Bxd2 dxc4 7. Qa4+ Bd7 8. Qxc4 Bc6 9. Bf4 Nbd7 10. Ne5 Nxe5 11. Bxe5 0-0 12. e3 a5 13. Bd3 a4 14. 0-0 Qe7 15. Qc2 h6 16. Qe2 Rfc8 17. Rac1 Nd7 18. Bg3 e5 19. Bb5 exd4 20. Bxc6 bxc6 21. Rxc6 Ne5 22. Bxe5 Qxe5 23. Rfc1 dxe3 24. fxe3 Rab8 25. R1c3 Rb7 26. R6c5 Qe7 27. Qc2 Rcb8 28. Rxc7 Rxc7 29. Rxc7 Qxe3+ 30. Kf1 Re8 31. Qc1 Qd3+ 32. Kg1 Re2 33. Rc8+ Kh7 34. Rc4 Rd2 0-1

[Event "POL-chT 2nd League"]
[Site "Wysowa"]
[Date "2003.09.13"]
[Round "10"]
[White "Chojnacki, Slawomir"]
[Black "Szczechowicz, Bartosz"]
[Result "0-1"]
[WhiteElo "2230"]
[BlackElo "2332"]
[PlyCount "100"]
[EventDate "2003.09.06"]
[EventType "team-swiss"]
[EventRounds "11"]
[EventCountry "POL"]
[SourceTitle "CBM 096 Extra"]
[Source "ChessBase"]
[SourceDate "2003.10.22"]
[SourceVersion "2"]
[SourceVersionDate "2003.10.20"]
[SourceQuality "1"]
[WhiteTeam "Chroscice Victoria"]
[BlackTeam "Krakow TKKF Drogowiec"]
[WhiteTeamCountry "POL"]
[BlackTeamCountry "POL"]

1. d4 Nf6 2. Nf3 e6 3. Bg5 h6 4. Bh4 c5 5. c3 Be7 6. Nbd2 cxd4 7. cxd4 Nc6 8. a3 g5 9. Bg3 g4 10. Ne5 Nxd4 11. e3 Nc6 12. Be2 h5 13. h3 gxh3 14. Rxh3 Nxe5 15. Bxe5 d6 16. Bxf6 Bxf6 17. Qb3 Qb6 18. Qxb6 axb6 19. 0-0-0 d5 20. Rxh5 Rxh5 21. Bxh5 Bd7 22. Kb1 Ke7 23. f4 Rc8 24. Rc1 Rxc1+ 25. Kxc1 Bh4 26. Nf3 Bg3 27. Ne5 Be8 28. Nd3 Bb5 29. Kd2 f6 30. Be2 Kd6 31. Nb4 Be8 32. Bf3 Bf7 33. Kd3 Bg6+ 34. Kd2 Bh7 35. Nd3 Bg6 36. Nc1 e5 37. Ne2 Bf2 38. g4 d4 39. exd4 exd4 40. f5 Be8 41. Nc1 Be3+ 42. Kc2 Bxc1 43. Kxc1 Ke5 44. b4 Kf4 45. Bxb7 Ke3 46. Bd5 Ba4 47. Bc4 d3 48. Bxd3 Kxd3 49. g5 fxg5 50. f6 Bb3 0-1

[Event "POL-chT 2nd League"]
[Site "Wysowa"]
[Date "2003.09.06"]
[Round "1"]
[White "Krainski, Aleksander"]
[Black "Szczechowicz, Bartosz"]
[Result "1-0"]
[WhiteElo "2308"]
[BlackElo "2332"]
[PlyCount "87"]
[EventDate "2003.09.06"]
[EventType "team-swiss"]
[EventRounds "11"]
[EventCountry "POL"]
[SourceTitle "CBM 096 Extra"]
[Source "ChessBase"]
[SourceDate "2003.10.22"]
[SourceVersion "2"]
[SourceVersionDate "2003.10.20"]
[SourceQuality "1"]
[WhiteTeam "Znin Baszta"]
[BlackTeam "Krakow TKKF Drogowiec"]
[WhiteTeamCountry "POL"]
[BlackTeamCountry "POL"]

1. d4 Nf6 2. Nf3 e6 3. e3 c5 4. Bd3 Be7 5. 0-0 Qc7 6. c4 d6 7. Nc3 a6 8. a3 0-0 9. b4 cxd4 10. exd4 b5 11. c5 dxc5 12. dxc5 Bb7 13. Qe2 Nc6 14. Bb2 Rfd8 15. Rad1 Ng4 16. Ne4 Rd5 17. Ng3 Nf6 18. Bb1 Rad8 19. Rxd5 Rxd5 20. Qc2 g6 21. Ba2 Rd8 22. Qe2 Qf4 23. Re1 Kf8 24. Bc1 Qc7 25. Bh6+ Kg8 26. Bxe6 Bf8 27. Bxf8 Rxf8 28. Ba2 Re8 29. Qf1 Rd8 30. Ng5 Rd7 31. N3e4 Ng4 32. Nd6 Rxd6 33. cxd6 Qxd6 34. g3 Nce5 35. Qe2 Qc6 36. f3 h6 37. Ne4 Qb6+ 38. Kg2 Bxe4 39. fxe4 Qd4 40. h3 Nf6 41. Qe3 Qb2+ 42. Re2 Qa1 43. Rf2 Kg7 44. Bd5 1-0